| 000 | 00569nam a2200205Ia 4500 | ||
|---|---|---|---|
| 005 | 20221020145332.0 | ||
| 008 | 140110s9999 xx 000 0 und d | ||
| 020 |
_a9788184573015 _cRs.850.00 |
||
| 040 | _aLoreto College | ||
| 041 | _aEnglish | ||
| 082 |
_a155.2 _bPRA |
||
| 100 | _aPrakash,Prem | ||
| 245 |
_aTheoretical and practical aspects of personality development _cPrem Prakash |
||
| 260 |
_aNew Delhi _bKanishka Publishers _c2011 |
||
| 300 | _ax,326p | ||
| 504 | _aIncludes index | ||
| 650 | _aPersonality development | ||
| 850 | _aLCLIB | ||
| 942 | _cBK | ||
| 999 |
_c38271 _d88750 |
||